00804nam a2200241Ia 4500003000900000008004100009020001800050040001600068080001700084100002100101245005800122260003500180300001400215490004200229500006500271650004100336650002900377650001400406700002700420942000700447999001500454952009300469IN-BaIIA211028s9999 xx 000 0 eng d a0-412-10730-9 cIIA Library a523.752bBRA aBray, R. J94213 4aThe Solar chromospherecR. J. Bray andR. E. Loughhead aLondonbChapman and Hallc1974 aix, 384p. aThe International Astrophysics,Series aDonated by Dr K R S  aAstronomy and Astrophysics Thesaurus aSolar Chromosphere93973 aSun91200 aLoughhead, R. E.94214 cBK c4414d4414 00104070aBANbKODcGENd1974-06-11l0o523.752/ BRAp4926r2021-11-05w1974-06-11yBK